La Ola

La ola transcurre en la Alemania actual en un colegio secundario. El film da cuenta de lo que sucede cuando, como parte de un proyecto semanal de su clase, el profesor Rainer Wenger propone un experimento para poder explicarles a sus alumnos el funcionamiento de los gobiernos totalitarios. La propue...

Descripción completa

Guardado en:
Autor Principal: Gansel, Dennis.
Autor Corporativo: Rat Pack Filmproduktion.
Otros Autores: Gansel, Dennis; Guion., Thorwarth, Peter; Guion., Strasser, Todd; Novela., Vogel, Jürgen; Reparto., Riemelt, Max; Reparto., Ulrich, Jennifer; Reparto., Lau, Frederick; Reparto.
Formato: Deslizar
Idioma:Undetermined
Publicado: Alemania : Ministerio de Educación de la Nación, 2008.
Materias:
Etiquetas: Agregar Etiqueta
Sin Etiquetas, Sea el primero en etiquetar este registro!
LEADER 02005ngm a22003375a 4500
001 CEM.cems020253
008 230706s2008####xx#---############vlund#d
005 20230706204508.0
245 1 0 |a La Ola  |h [videograbación] /  |c Dennis Gansel. 
260 |a Alemania :  |b Ministerio de Educación de la Nación,  |c 2008. 
300 |a 102'. 
520 |a La ola transcurre en la Alemania actual en un colegio secundario. El film da cuenta de lo que sucede cuando, como parte de un proyecto semanal de su clase, el profesor Rainer Wenger propone un experimento para poder explicarles a sus alumnos el funcionamiento de los gobiernos totalitarios. La propuesta es un juego de roles que comienza a partir de nociones como disciplina y comunidad, y en pocos días desde su puesta en marcha tendrá consecuencias trágicas. Se pone en marcha así, un movimiento llamado La ola que va cobrando vida propia y al poco tiempo de haber comenzado, los estudiantes empiezan a amenazar a los que no están de acuerdo con ellos. Cuando finalmente el conflicto estalla violentamente durante un juego de water polo, el profesor decide dar por terminada la experiencia. Pero es demasiado tarde. La ola ya está fuera de control… 
538 |a Soporte: DVD -- Formato: DVD – Peso: 4.36gb -- Resolución: 720 x 480 -- 29.97 fps 
590 |a Identificación anterior: 88 
500 |a Título original: Die Welle. 
100 1 |a Gansel, Dennis. 
700 1 |a Gansel, Dennis; Guion. 
700 1 |a Thorwarth, Peter; Guion. 
700 1 |a Strasser, Todd; Novela. 
700 1 |a Vogel, Jürgen; Reparto. 
700 1 |a Riemelt, Max; Reparto. 
700 1 |a Ulrich, Jennifer; Reparto. 
700 1 |a Lau, Frederick; Reparto. 
710 2 |a Rat Pack Filmproduktion. 
653 |a LARGOMETRAJE 
653 |a FICCIÓN 
653 |a ARCHIVO FÍLMICO PEDAGÓGICO JÓVENES Y ESCUELA. 
653 |a AUTOCRACIA 
653 |a DISCIPLINA 
653 |a FANATISMO 
859 |a CEMS  |b BIB. CEMS - Depto. Recursos Didacticos  |h 778.5  |i GAN  |k DRD  |p 3044.23  |t Ej.2